[Event "Julius Baer Rapid Div 2 W"]
[Site "chess.com INT"]
[Date "2023.08.30"]
[Round "1.1"]
[White "Nepomniachtchi, Ian"]
[Black "Chigaev, Maksim"]
[Result "1-0"]
[WhiteTitle "GM"]
[BlackTitle "GM"]
[WhiteElo "2779"]
[BlackElo "2616"]
[WhiteFideId "4168119"]
[BlackFideId "4108116"]
[EventDate "2023.08.30"]
[EventType "k.o."]

1. d4 Nf6 2. c4 e6 3. Nc3 d5 4. cxd5 exd5 5. Bg5 c6 6. e3 h6 7. Bh4 Be7 8. Bd3
O-O 9. Nge2 Re8 10. O-O Nh5 11. Bxe7 Qxe7 12. Qd2 Nd7 13. Rae1 Nb6 14. Nd1 a5
15. f3 Bd7 16. Nec3 Nf6 17. Qf2 Be6 18. a3 Rad8 19. Ne2 c5 20. Ndc3 Bd7 21. dxc5
Qxc5 22. Nd4 Nc4 23. Bxc4 dxc4 24. e4 Nh5 25. Nd5 Be6 26. Nxe6 Qxf2+ 27. Rxf2
fxe6 28. Nb6 Nf4 29. Rc2 Rd6 30. Nxc4 Rc8 31. g3 Rdc6 32. gxf4 Rxc4 33. Rxc4
Rxc4 34. Re3 b5 35. Rb3 b4 36. Kf2 Rc2+ 37. Kg3 bxa3 38. bxa3 Ra2 39. h4 a4 40.
Rc3 h5 41. f5 exf5 42. e5 Rb2 43. Rc4 Kf7 44. Rxa4 Rb1 45. Kf4 1-0

[Event "Julius Baer Rapid Div 2 W"]
[Site "chess.com INT"]
[Date "2023.08.30"]
[Round "1.1"]
[White "Esipenko, Andrey"]
[Black "Fedoseev, Vladimir3"]
[Result "1-0"]
[WhiteTitle "GM"]
[BlackTitle "GM"]
[WhiteElo "2683"]
[BlackElo "2676"]
[WhiteFideId "24175439"]
[BlackFideId "24130737"]
[EventDate "2023.08.30"]
[EventType "k.o."]

1. e4 e6 2. d4 d5 3. e5 c5 4. c3 Nc6 5. Nf3 Bd7 6. Be2 Nge7 7. O-O Ng6 8. Be3
Be7 9. Nbd2 cxd4 10. cxd4 O-O 11. a3 a5 12. a4 Qb6 13. Bb5 Nb8 14. Qe2 Bxb5 15.
axb5 Nd7 16. Nb1 Bb4 17. Nc3 Bxc3 18. bxc3 Rfc8 19. Bd2 a4 20. h4 h6 21. h5 Ngf8
22. Nh4 Qd8 23. g3 f5 24. f4 Nb6 25. Be1 Rc7 26. g4 Rf7 27. gxf5 Rxf5 28. Nxf5
exf5 29. Kh2 Qe8 30. Rg1 Ne6 31. Qf3 Qxb5 32. Ra2 a3 33. Bh4 Kh8 34. Bf6 gxf6
35. Rg6 Kh7 36. Rxf6 Qe8 37. Qh3 Nxf4 38. Qxf5+ Kg7 39. Rxb6 Qxh5+ 40. Qxh5 Nxh5
41. Rxb7+ Kg6 42. Rb3 Nf4 43. Rbxa3 Rc8 44. Rf2 Kg5 45. Ra7 Nh5 46. Rg2+ Kh4 47.
Ra3 Rf8 48. Ra6 Rf3 49. Rxh6 Rxc3 50. e6 Re3 51. Kg1 Re1+ 52. Kf2 Re4 53. Rh2+
Kg4 54. R2xh5 Rf4+ 55. Ke3 Re4+ 56. Kd3 1-0

[Event "Julius Baer Rapid Div 2 W"]
[Site "chess.com INT"]
[Date "2023.08.30"]
[Round "1.1"]
[White "Iturrizaga Bonelli, Eduardo"]
[Black "Suleymanli, Aydin"]
[Result "0-1"]
[WhiteTitle "GM"]
[BlackTitle "GM"]
[WhiteElo "2617"]
[BlackElo "2586"]
[WhiteFideId "3901211"]
[BlackFideId "13413937"]
[EventDate "2023.08.30"]
[EventType "k.o."]

1. c4 e5 2. Nc3 Nf6 3. e3 Nc6 4. a3 g6 5. b4 Bg7 6. Bb2 O-O 7. Nge2 h5 8. Rc1 h4
9. h3 d6 10. Nd5 Nh5 11. Nec3 Nb8 12. b5 c6 13. Nb4 f5 14. Be2 Qg5 15. O-O a5
16. bxa6 bxa6 17. Kh1 a5 18. Nc2 Nd7 19. d4 Rb8 20. Ba1 Ndf6 21. dxe5 dxe5 22.
Qd6 f4 23. e4 Rb3 24. Ne1 Rxc3 25. Rxc3 Nxe4 26. Qxc6 Bf5 27. Rd3 Neg3+ 28. Rxg3
fxg3 29. Bxh5 Qxh5 30. Nf3 Bxh3 31. Qd5+ Kh7 32. gxh3 Rxf3 33. Kg2 Rf4 34. f3
Qf5 35. Rc1 e4 36. Qxf5 exf3+ 37. Kf1 Rxf5 38. Bxg7 Kxg7 39. c5 Rf7 40. c6 Rc7
41. Rc3 f2 42. Kg2 Kf6 43. Rc4 g5 44. Rc5 Ke6 0-1

[Event "Julius Baer Rapid Div 2 W"]
[Site "chess.com INT"]
[Date "2023.08.30"]
[Round "1.1"]
[White "Yakubboev, Nodirbek"]
[Black "Amin, Bassem"]
[Result "0-1"]
[WhiteTitle "GM"]
[BlackTitle "GM"]
[WhiteElo "2630"]
[BlackElo "2684"]
[WhiteFideId "14203987"]
[BlackFideId "10601457"]
[EventDate "2023.08.30"]
[EventType "k.o."]

1. d4 Nf6 2. c4 g6 3. Nc3 Bg7 4. e4 d6 5. Be2 O-O 6. Be3 Na6 7. h3 e5 8. d5 Nc5
9. Qc2 c6 10. f3 cxd5 11. cxd5 Nh5 12. O-O-O Ng3 13. Rh2 Bd7 14. b4 Na6 15. Bxa6
bxa6 16. Nge2 Nxe2+ 17. Qxe2 Qb8 18. a3 Rc8 19. Kd2 Bb5 20. Nxb5 axb5 21. Rc1
Rxc1 22. Kxc1 a5 23. Qd2 Qc8+ 24. Kb2 axb4 25. Qxb4 Ra4 26. Qxb5 Qa8 27. Qb3 f5
28. Qd3 Qb7+ 29. Ka2 fxe4 30. fxe4 Qb4 31. g4 Qxe4 32. Qxe4 Rxe4 33. Bb6 Re1 34.
a4 e4 35. a5 e3 36. Rc2 e2 37. Bf2 Ra1+ 38. Kb3 e1=Q 39. Bxe1 Rxe1 40. Ra2 Bd4
41. Kc4 Bc5 42. a6 Re7 43. Kb5 Kg7 44. g5 Rc7 45. Rc2 Kf7 46. Rc4 Ke7 47. Rh4
Kd8 48. Rf4 Ke8 49. Re4+ Re7 50. Ra4 Kd8 51. Kc6 Rc7+ 52. Kb5 Kc8 53. Rf4 Kb8
54. Rf8+ Ka7 55. Rd8 Re7 56. h4 Rf7 57. Kc6 Kxa6 58. Rd7 Rxd7 59. Kxd7 Kb5 60.
Ke6 Kc4 61. Kf7 Bf2 62. Kg7 Bxh4 63. Kxh7 Bxg5 64. Kxg6 Bc1 0-1

[Event "Julius Baer Rapid Div 2 W"]
[Site "chess.com INT"]
[Date "2023.08.30"]
[Round "1.1"]
[White "Dreev, Aleksey"]
[Black "Fressinet, Laurent"]
[Result "1/2-1/2"]
[WhiteTitle "GM"]
[BlackTitle "GM"]
[WhiteElo "2606"]
[BlackElo "2652"]
[WhiteFideId "4100107"]
[BlackFideId "608742"]
[EventDate "2023.08.30"]
[EventType "k.o."]

1. d4 d5 2. c4 e6 3. Nc3 c5 4. cxd5 cxd4 5. Qxd4 Nc6 6. Qd1 exd5 7. e3 Nf6 8.
Nf3 Bb4 9. Bd2 O-O 10. Be2 Ne4 11. O-O Bxc3 12. Bxc3 Nxc3 13. bxc3 Bg4 14. h3
Bh5 15. Rb1 b6 16. Rb5 Ne7 17. a4 Rc8 18. Qa1 Rc5 19. Rxc5 bxc5 20. Rb1 Qc7 21.
Rb5 Rb8 22. Qb2 Nc6 23. Qa3 Rxb5 24. axb5 Ne7 25. g4 Bg6 26. Nd2 c4 27. Nf3 h5
28. Nd4 hxg4 29. hxg4 Be4 30. Kf1 Ng6 31. Ke1 Ne5 32. Kd2 Bd3 33. Bd1 Ng6 34.
Be2 Bxe2 35. Kxe2 Ne5 36. Nc6 Nxc6 37. Qc5 Qa5 38. Qxc6 Qxc3 39. Qc8+ Kh7 40.
Qf5+ Kg8 41. Qc8+ Kh7 42. Qf5+ Kg8 43. Qc8+ 1/2-1/2

[Event "Julius Baer Rapid Div 2 W"]
[Site "chess.com INT"]
[Date "2023.08.30"]
[Round "1.1"]
[White "Artemiev, Vladislav"]
[Black "Alekseev, Evgeny"]
[Result "1/2-1/2"]
[WhiteTitle "GM"]
[BlackTitle "GM"]
[WhiteElo "2698"]
[BlackElo "2573"]
[WhiteFideId "24101605"]
[BlackFideId "4138147"]
[EventDate "2023.08.30"]
[EventType "k.o."]

1. Nf3 c5 2. e4 e6 3. d4 cxd4 4. Nxd4 Nc6 5. c4 Nf6 6. Nc3 Bb4 7. Nxc6 bxc6 8.
Bd3 e5 9. O-O O-O 10. h3 Bc5 11. Re1 d6 12. Be3 Bd4 13. Bxd4 exd4 14. Na4 Nd7
15. c5 Nxc5 16. Nxc5 dxc5 17. Qh5 Qb6 18. b3 a5 19. Rac1 a4 20. Qxc5 Qxc5 21.
Rxc5 axb3 22. axb3 Be6 23. Bc4 Bxc4 24. Rxc4 Rab8 25. Rb1 Rfd8 26. Rxc6 d3 27.
Rc3 d2 28. Rd1 g6 29. f3 Rb4 30. Kf2 Rdb8 31. Rxd2 Rxb3 32. Rcc2 Kg7 33. Kg3 h5
34. Kf4 R3b7 35. Ra2 Rc7 36. Ra3 Rcb7 37. Raa2 Rc7 38. Re2 Rcb7 39. Kg3 Rc7 40.
Re3 Rcb7 41. f4 Rb3 42. Ra3 Rxe3+ 43. Rxe3 Rb4 44. Kf3 Rb1 45. Re2 Rb3+ 46. Re3
Rb1 47. e5 Rf1+ 48. Ke4 Rf2 49. g4 hxg4 50. hxg4 Rg2 51. Kf3 Rg1 52. f5 gxf5 53.
gxf5 Kf8 54. Kf4 Rf1+ 55. Ke4 Ke7 56. Ra3 Re1+ 57. Kf4 Rf1+ 58. Rf3 Rg1 59. Rf2
Re1 60. Rd2 Rf1+ 61. Kg4 Rg1+ 62. Kf3 Rf1+ 63. Rf2 Re1 64. Kf4 Rd1 65. Ke3 Re1+
66. Re2 Rf1 67. Ke4 Rd1 68. Re3 Rf1 69. Rg3 Re1+ 70. Kf4 Re2 71. Rg7 Rf2+ 72.
Ke4 Re2+ 73. Kd4 Rf2 74. f6+ Ke6 75. Rg8 Rf4+ 76. Ke3 Kxe5 77. Re8+ Kf5 78. Re7
Rh4 79. Rxf7 Rh6 80. Rf8 Rxf6 81. Rxf6+ Kxf6 1/2-1/2

[Event "Julius Baer Rapid Div 2 W"]
[Site "chess.com INT"]
[Date "2023.08.30"]
[Round "1.1"]
[White "Mamedov, Rauf"]
[Black "Aronian, Levon"]
[Result "0-1"]
[WhiteTitle "GM"]
[BlackTitle "GM"]
[WhiteElo "2633"]
[BlackElo "2742"]
[WhiteFideId "13401653"]
[BlackFideId "13300474"]
[EventDate "2023.08.30"]
[EventType "k.o."]

1. e4 e5 2. Nf3 Nf6 3. Nxe5 d6 4. Nf3 Nxe4 5. d4 d5 6. Bd3 Bd6 7. O-O O-O 8. c4
c6 9. Re1 Bf5 10. Qb3 Qd7 11. Qc2 Bg6 12. Nc3 Nxc3 13. Bxg6 hxg6 14. Qxc3 dxc4
15. Qxc4 Na6 16. Ne5 Rfe8 17. Bf4 Qe6 18. Bg3 Bf8 19. Qxe6 Rxe6 20. a3 Rd8 21.
Nf3 Rxe1+ 22. Rxe1 f6 23. Kf1 g5 24. h3 Kf7 25. Ke2 Bd6 26. Bxd6 Rxd6 27. Rc1
Nc7 28. g3 Ne6 29. Ke3 Ke7 30. Rc4 Kd7 31. Ke4 Rd5 32. Ke3 a5 33. b4 axb4 34.
Rxb4 Kc8 35. Nd2 Kb8 36. Nb3 Kc7 37. a4 b6 38. Nd2 g6 39. Rc4 Kb7 40. Rb4 Kc7
41. Rc4 Rd8 42. Ne4 f5 43. Nd2 Kb7 44. Nf3 b5 45. axb5 cxb5 46. Rb4 Rd5 47. Rb1
Kb6 48. Rb2 Rd8 49. Rb1 Rd6 50. Rb2 Ka5 51. Ne5 f4+ 52. gxf4 gxf4+ 53. Kf3 Ka4
54. Rb1 b4 55. Ra1+ Kb5 56. Nxg6 Ng5+ 57. Kxf4 Rxg6 58. h4 Nh3+ 59. Kf5 Rh6 60.
Kg4 Nxf2+ 61. Kg5 Rd6 62. h5 Ne4+ 63. Kf4 Rxd4 64. h6 Nf6+ 65. Ke5 Rh4 66. Kxf6
Rxh6+ 67. Ke5 Rh4 68. Kd5 b3 69. Ra8 Kb4 70. Rb8+ Ka3 71. Ra8+ Ra4 72. Rh8 b2
73. Rh1 Ka2 74. Rh2 Ka1 0-1

[Event "Julius Baer Rapid Div 2 W"]
[Site "chess.com INT"]
[Date "2023.08.30"]
[Round "1.2"]
[White "Aronian, Levon"]
[Black "Mamedov, Rauf"]
[Result "1/2-1/2"]
[WhiteTitle "GM"]
[BlackTitle "GM"]
[WhiteElo "2742"]
[BlackElo "2633"]
[WhiteFideId "13300474"]
[BlackFideId "13401653"]
[EventDate "2023.08.30"]
[EventType "k.o."]

1. e4 c5 2. Nf3 g6 3. c4 Nc6 4. d4 cxd4 5. Nxd4 Nf6 6. Nc3 Nxd4 7. Qxd4 d6 8.
Be3 Bg7 9. f3 O-O 10. Qd2 a5 11. Rc1 a4 12. Be2 Be6 13. Nb5 Nd7 14. O-O Nc5 15.
Rfd1 Qa5 16. Nd4 Rfc8 17. Nxe6 Nxe6 18. Qxa5 Rxa5 19. Rc2 Raa8 20. f4 a3 21. b3
Nc5 22. Bxc5 Rxc5 23. Rd5 Rac8 24. Bd3 Rxd5 25. cxd5 Rxc2 26. Bxc2 1/2-1/2

[Event "Julius Baer Rapid Div 2 W"]
[Site "chess.com INT"]
[Date "2023.08.30"]
[Round "1.2"]
[White "Chigaev, Maksim"]
[Black "Nepomniachtchi, Ian"]
[Result "1/2-1/2"]
[WhiteTitle "GM"]
[BlackTitle "GM"]
[WhiteElo "2616"]
[BlackElo "2779"]
[WhiteFideId "4108116"]
[BlackFideId "4168119"]
[EventDate "2023.08.30"]
[EventType "k.o."]

1. d4 Nf6 2. c4 g6 3. Nc3 d5 4. cxd5 Nxd5 5. e4 Nxc3 6. bxc3 Bg7 7. Bc4 c5 8.
Ne2 O-O 9. Be3 Nc6 10. h4 cxd4 11. cxd4 Qa5+ 12. Kf1 h5 13. f3 Rd8 14. Qb3 e6
15. e5 b6 16. Kf2 Qb4 17. g4 Qxb3 18. Bxb3 hxg4 19. fxg4 Ba6 20. Rad1 Rac8 21.
h5 Na5 22. h6 Bf8 23. Bg5 Rd7 24. Bf6 Kh7 25. Nf4 Nxb3 26. Nh3 g5 27. Nxg5+ Kg6
28. h7 Bg7 29. Bxg7 Kxg7 30. axb3 Bb7 31. Rh5 Rdc7 32. Rd3 Rh8 33. Rdh3 Rc2+ 34.
Ke3 Rb2 35. Kf4 Rf2+ 36. Ke3 Rb2 37. Kf4 Rf2+ 38. Ke3 Rb2 1/2-1/2

[Event "Julius Baer Rapid Div 2 W"]
[Site "chess.com INT"]
[Date "2023.08.30"]
[Round "1.2"]
[White "Suleymanli, Aydin"]
[Black "Iturrizaga Bonelli, Eduardo"]
[Result "1/2-1/2"]
[WhiteTitle "GM"]
[BlackTitle "GM"]
[WhiteElo "2586"]
[BlackElo "2617"]
[WhiteFideId "13413937"]
[BlackFideId "3901211"]
[EventDate "2023.08.30"]
[EventType "k.o."]

1. d4 Nf6 2. c4 c6 3. Nc3 d5 4. cxd5 cxd5 5. Bf4 Nc6 6. e3 Bf5 7. Nf3 a6 8. Bd3
Bxd3 9. Qxd3 e6 10. O-O Bd6 11. Bxd6 Qxd6 12. Rfc1 O-O 13. Na4 Nd7 14. Nc5 Nxc5
15. Rxc5 Rac8 16. Rac1 Ne7 17. Qa3 Rxc5 18. Qxc5 Qxc5 19. Rxc5 Rc8 20. Rxc8+
Nxc8 1/2-1/2

[Event "Julius Baer Rapid Div 2 W"]
[Site "chess.com INT"]
[Date "2023.08.30"]
[Round "1.2"]
[White "Amin, Bassem"]
[Black "Yakubboev, Nodirbek"]
[Result "1-0"]
[WhiteTitle "GM"]
[BlackTitle "GM"]
[WhiteElo "2684"]
[BlackElo "2630"]
[WhiteFideId "10601457"]
[BlackFideId "14203987"]
[EventDate "2023.08.30"]
[EventType "k.o."]

1. Nf3 Nf6 2. g3 d5 3. Bg2 c5 4. O-O e6 5. d3 Nc6 6. Nbd2 Be7 7. e4 O-O 8. Re1
b5 9. e5 Nd7 10. Nf1 Qc7 11. Bf4 Bb7 12. Ne3 Qb6 13. h4 Rfc8 14. Ng5 h6 15. Nxd5
exd5 16. Nxf7 Nd4 17. Bh3 Nf8 18. e6 Rc6 19. Nxh6+ gxh6 20. Qg4+ Kh7 21. Qh5
Ndxe6 22. Qf7+ 1-0

[Event "Julius Baer Rapid Div 2 W"]
[Site "chess.com INT"]
[Date "2023.08.30"]
[Round "1.2"]
[White "Fressinet, Laurent"]
[Black "Dreev, Aleksey"]
[Result "1-0"]
[WhiteTitle "GM"]
[BlackTitle "GM"]
[WhiteElo "2652"]
[BlackElo "2606"]
[WhiteFideId "608742"]
[BlackFideId "4100107"]
[EventDate "2023.08.30"]
[EventType "k.o."]

1. e4 c5 2. Nf3 e6 3. d4 cxd4 4. Nxd4 Nf6 5. Nc3 Nc6 6. Ndb5 Bc5 7. Bf4 O-O 8.
Bc7 Qe7 9. Bd6 Bxd6 10. Qxd6 Qd8 11. O-O-O a6 12. Nd4 Ne7 13. h4 b5 14. h5 Ne8
15. Qh2 h6 16. g4 b4 17. Na4 Qa5 18. b3 Bb7 19. f3 Rc8 20. Kb1 Qc7 21. Qxc7 Rxc7
22. Nb6 Nf6 23. Rh2 Rb8 24. Nc4 d5 25. exd5 Nexd5 26. Kb2 Nc3 27. Rdd2 Rd7 28.
a3 bxa3+ 29. Nxa3 e5 30. Nf5 Rxd2 31. Rxd2 Bxf3 32. Rd6 Nfe4 33. Rxa6 Bxg4 34.
Ne7+ Kf8 35. Nc6 Re8 36. b4 Bxh5 37. b5 Bf3 38. Bc4 Nd1+ 39. Kc1 Ne3 40. Ra7 Nd6
41. Bb3 h5 42. Rd7 Nef5 43. Nc4 Bxc6 44. bxc6 Nxc4 45. Bxc4 Ne7 46. c7 h4 47.
Rd8 Nc8 48. Bb5 1-0

[Event "Julius Baer Rapid Div 2 W"]
[Site "chess.com INT"]
[Date "2023.08.30"]
[Round "1.2"]
[White "Alekseev, Evgeny"]
[Black "Artemiev, Vladislav"]
[Result "1/2-1/2"]
[WhiteTitle "GM"]
[BlackTitle "GM"]
[WhiteElo "2573"]
[BlackElo "2698"]
[WhiteFideId "4138147"]
[BlackFideId "24101605"]
[EventDate "2023.08.30"]
[EventType "k.o."]

1. e4 e5 2. Nf3 Nc6 3. Bc4 Nf6 4. d3 Bc5 5. c3 d6 6. O-O a5 7. Re1 Ba7 8. Bb3
O-O 9. h3 Re8 10. Nbd2 Be6 11. Ba4 Bd7 12. Nf1 h6 13. Ng3 Ne7 14. Bc2 Ng6 15. d4
b5 16. Be3 c5 17. dxe5 Nxe5 18. Nxe5 dxe5 19. a4 b4 20. Bb3 Be6 21. Bxe6 Rxe6
22. Qxd8+ Rxd8 23. cxb4 axb4 24. Rac1 Ra6 25. b3 Rd3 26. Rb1 c4 27. Bxa7 Rxa7
28. bxc4 Rxa4 29. Nf5 Rc3 30. Ne7+ Kh7 31. Nd5 Rc2 32. Rxb4 Rxb4 33. Nxb4 Rxc4
34. Nd3 Nd7 35. f3 f6 36. Kf2 Nf8 37. Rc1 Ra4 38. Rc2 Ra3 39. Nc5 Ng6 40. g3 Ne7
41. Ne6 Ra6 42. Nc7 Rd6 43. Nb5 Rb6 44. Nc7 Kg6 45. h4 h5 46. Na8 Rb8 47. Nc7
Rc8 48. Rc3 Rd8 49. Rc2 Kf7 50. Nb5 Rd3 51. Nc7 f5 52. Nb5 fxe4 53. fxe4 Ng8 54.
Rc7+ Kg6 55. Rc3 Rd1 56. Nc7 Nf6 57. Rc6 Rd4 58. Nd5 Rxe4 59. Ne7+ Kf7 60. Nf5
Kg6 61. Ne7+ Kh7 62. Nf5 Ra4 63. Rc7 Ra2+ 64. Ke1 Kg6 65. Ne7+ Kf7 66. Nf5+ Ke6
67. Nxg7+ Kd5 68. Rf7 Ra6 69. Ke2 Ke4 70. Kd2 Rd6+ 71. Ke2 Ra6 72. Kd2 Rc6 73.
Ke2 Ra6 1/2-1/2

[Event "Julius Baer Rapid Div 2 W"]
[Site "chess.com INT"]
[Date "2023.08.30"]
[Round "1.2"]
[White "Fedoseev, Vladimir3"]
[Black "Esipenko, Andrey"]
[Result "1-0"]
[WhiteTitle "GM"]
[BlackTitle "GM"]
[WhiteElo "2676"]
[BlackElo "2683"]
[WhiteFideId "24130737"]
[BlackFideId "24175439"]
[EventDate "2023.08.30"]
[EventType "k.o."]

1. c4 e6 2. g3 d5 3. Bg2 Nf6 4. d4 Be7 5. Nf3 O-O 6. Qb3 a5 7. O-O c6 8. Bf4
Nbd7 9. Rc1 Nh5 10. Bd2 Nhf6 11. e3 Re8 12. Be1 h6 13. Bf1 Bd6 14. Nc3 dxc4 15.
Bxc4 b5 16. Bf1 Bb7 17. Bg2 Rb8 18. Rd1 Qb6 19. e4 e5 20. dxe5 Bxe5 21. Qc2 Bc7
22. Rac1 Ne5 23. Nd4 Rbc8 24. f3 Qa7 25. Bf2 Bb6 26. Nf5 Rcd8 27. Bxb6 Qxb6+ 28.
Kh1 Nc4 29. b3 Ne5 30. h3 c5 31. f4 Nc6 32. Rxd8 Rxd8 33. Qf2 Nd4 34. Ne3 Qe6
35. e5 Qxh3+ 36. Kg1 Bxg2 37. Qxg2 Qxg2+ 38. Kxg2 Nd7 39. Ne4 Rc8 40. Nd5 Kf8
41. Kf2 g6 42. g4 g5 43. Nef6 Nxf6 44. exf6 gxf4 45. Rh1 Ke8 46. Rxh6 Rc6 47. g5
Ne6 48. Rh8+ Kd7 49. g6 fxg6 50. f7 c4 51. Nxf4 Nf8 52. Rxf8 Rf6 53. Ke3 cxb3
54. axb3 a4 55. b4 Ke7 56. Ra8 Kxf7 57. Ra7+ Ke8 58. Ke4 g5 59. Nd5 Rh6 60. Kf5
g4 61. Kxg4 Rd6 62. Nc7+ Kd8 63. Kf5 Rd7 64. Ne6+ Ke7 65. Rxd7+ Kxd7 66. Ke5 a3
67. Nc5+ Kc6 68. Kd4 Kd6 69. Kc3 a2 70. Kb2 Kd5 71. Kxa2 Kc4 72. Ka3 Kc3 73.
Ne4+ 1-0

[Event "Julius Baer Rapid Div 2 W"]
[Site "chess.com INT"]
[Date "2023.08.30"]
[Round "1.3"]
[White "Esipenko, Andrey"]
[Black "Fedoseev, Vladimir3"]
[Result "1-0"]
[WhiteTitle "GM"]
[BlackTitle "GM"]
[WhiteElo "2683"]
[BlackElo "2676"]
[WhiteFideId "24175439"]
[BlackFideId "24130737"]
[EventDate "2023.08.30"]
[EventType "k.o."]

1. e4 e6 2. d4 d5 3. e5 c5 4. c3 Nc6 5. Nf3 Bd7 6. Be2 Nge7 7. O-O Ng6 8. Be3
Be7 9. Nbd2 cxd4 10. cxd4 O-O 11. a3 a5 12. Bd3 a4 13. g3 f6 14. exf6 Bxf6 15.
Nb1 Nge7 16. Nc3 Be8 17. Ng5 Bxg5 18. Bxg5 Nxd4 19. Bxh7+ Kxh7 20. Qxd4 Rf7 21.
Qh4+ Kg8 22. Rae1 d4 23. Ne4 Bc6 24. Bxe7 Rxe7 25. Ng5 g6 26. Rxe6 Be8 27. Rfe1
Rd7 28. Rxe8+ Qxe8 29. Rxe8+ Rxe8 30. Ne4 Kg7 31. Qf6+ Kh6 32. Nd6 Re1+ 33. Kg2 1-0

[Event "Julius Baer Rapid Div 2 W"]
[Site "chess.com INT"]
[Date "2023.08.30"]
[Round "1.3"]
[White "Mamedov, Rauf"]
[Black "Aronian, Levon"]
[Result "1-0"]
[WhiteTitle "GM"]
[BlackTitle "GM"]
[WhiteElo "2633"]
[BlackElo "2742"]
[WhiteFideId "13401653"]
[BlackFideId "13300474"]
[EventDate "2023.08.30"]
[EventType "k.o."]

1. e4 e5 2. Nf3 Nf6 3. Nxe5 d6 4. Nf3 Nxe4 5. Nc3 Nxc3 6. dxc3 Be7 7. Bf4 O-O 8.
Qd2 Nd7 9. O-O-O Nc5 10. h4 c6 11. Re1 d5 12. Bd3 Bf6 13. Ng5 g6 14. Nxh7 Kxh7
15. h5 Kg8 16. hxg6 Ne4 17. Qe3 Qb6 18. Qf3 fxg6 19. Rxe4 dxe4 20. Bc4+ Rf7 21.
Be5 1-0

[Event "Julius Baer Rapid Div 2 W"]
[Site "chess.com INT"]
[Date "2023.08.30"]
[Round "1.3"]
[White "Nepomniachtchi, Ian"]
[Black "Chigaev, Maksim"]
[Result "1-0"]
[WhiteTitle "GM"]
[BlackTitle "GM"]
[WhiteElo "2779"]
[BlackElo "2616"]
[WhiteFideId "4168119"]
[BlackFideId "4108116"]
[EventDate "2023.08.30"]
[EventType "k.o."]

1. d4 Nf6 2. c4 g6 3. Nc3 Bg7 4. e4 d6 5. Be2 O-O 6. Nf3 e5 7. O-O Na6 8. Re1
Bg4 9. d5 Nc5 10. Ng5 Bxe2 11. Qxe2 a5 12. Be3 b6 13. a3 Nfd7 14. Nf3 a4 15. Nd2
f5 16. f3 f4 17. Bf2 h5 18. Reb1 g5 19. Kf1 Rf7 20. Ke1 Bf8 21. Kd1 Rg7 22. Kc2
g4 23. Rg1 Qg5 24. Raf1 Be7 25. Nb5 Rc8 26. Kb1 Kh8 27. Ka2 Qh6 28. Nb1 Nf6 29.
N1c3 h4 30. h3 gxh3 31. gxh3 Rg3 32. Na7 Rcg8 33. Nc6 Bf8 34. Nb5 R8g7 35. Rh1
Qh5 36. Bxc5 bxc5 37. Nd8 Rg2 38. Qd1 R7g3 39. Ne6 Bh6 40. Nc3 Qe8 41. Nxc7 Qd7
42. Ne6 Nh7 43. Qxa4 Qxa4 44. Nxa4 Rd2 45. Nb6 Ng5 46. a4 Nxf3 47. a5 Ng5 48.
Nxg5 Rxg5 49. Rhg1 Rgg2 50. Rxg2 Rxg2 51. Kb3 1-0

[Event "Julius Baer Rapid Div 2 W"]
[Site "chess.com INT"]
[Date "2023.08.30"]
[Round "1.3"]
[White "Iturrizaga Bonelli, Eduardo"]
[Black "Suleymanli, Aydin"]
[Result "0-1"]
[WhiteTitle "GM"]
[BlackTitle "GM"]
[WhiteElo "2617"]
[BlackElo "2586"]
[WhiteFideId "3901211"]
[BlackFideId "13413937"]
[EventDate "2023.08.30"]
[EventType "k.o."]

1. Nf3 d5 2. e3 Nf6 3. c4 e6 4. Nc3 Be7 5. b3 O-O 6. Bb2 c5 7. cxd5 Nxd5 8. Qc2
Nc6 9. a3 Bf6 10. h4 b6 11. Bd3 h5 12. g4 hxg4 13. Bh7+ Kh8 14. Ng5 Ne5 15. Nxd5
exd5 16. Bg8 g6 17. Bxf7 d4 18. Qe4 Bf5 19. Qb7 Rb8 20. Qxa7 Nc6 21. Qa4 b5 22.
Qa6 Rb6 23. h5 Bxg5 24. hxg6+ Kg7 25. exd4 Rxa6 26. dxc5+ Nd4 27. Rh7+ Kf6 0-1

[Event "Julius Baer Rapid Div 2 W"]
[Site "chess.com INT"]
[Date "2023.08.30"]
[Round "1.3"]
[White "Sarana, Alexey"]
[Black "Nihal, Sarin"]
[Result "1-0"]
[WhiteTitle "GM"]
[BlackTitle "GM"]
[WhiteElo "2685"]
[BlackElo "2684"]
[WhiteFideId "24133795"]
[BlackFideId "25092340"]
[EventDate "2023.08.30"]
[EventType "k.o."]

1. d4 g6 2. e4 Bg7 3. Nf3 d6 4. Bc4 Nf6 5. Qe2 O-O 6. O-O Bg4 7. e5 dxe5 8. dxe5
Nd5 9. Rd1 c6 10. Bg5 h6 11. Bh4 g5 12. Bg3 e6 13. h3 Bh5 14. Bd3 Nd7 15. Nbd2
Qc7 16. Re1 Rfd8 17. a3 Nc5 18. Bc4 b5 19. Ba2 Bg6 20. Nb3 Na4 21. c3 a6 22.
Rac1 Ndb6 23. Nbd4 c5 24. Nxe6 fxe6 25. b3 c4 26. bxa4 Nxa4 27. h4 Qe7 28. hxg5
hxg5 29. Qe3 Rd3 30. Qxg5 Qxg5 31. Nxg5 Nxc3 32. Ra1 Rd2 33. Nxe6 Rxa2 34. Rxa2
Nxa2 35. Nxg7 Kxg7 36. e6 c3 37. Be5+ Kg8 38. Ra1 c2 39. Bb2 Rd8 40. Rxa2 Rd7
41. exd7 1-0

[Event "Julius Baer Rapid Div 2 W"]
[Site "chess.com INT"]
[Date "2023.08.30"]
[Round "1.3"]
[White "Yakubboev, Nodirbek"]
[Black "Amin, Bassem"]
[Result "1-0"]
[WhiteTitle "GM"]
[BlackTitle "GM"]
[WhiteElo "2630"]
[BlackElo "2684"]
[WhiteFideId "14203987"]
[BlackFideId "10601457"]
[EventDate "2023.08.30"]
[EventType "k.o."]

1. d4 Nf6 2. c4 g6 3. Nc3 Bg7 4. e4 d6 5. Be2 O-O 6. Be3 Na6 7. h3 e5 8. d5 Nc5
9. Qc2 c6 10. Nf3 Nh5 11. O-O-O cxd5 12. Nxd5 Ne6 13. g3 Bd7 14. Kb1 b6 15. Rd2
Rc8 16. Nc3 Rc6 17. Rhd1 Qe7 18. Nd5 Qe8 19. Nb4 f5 20. exf5 gxf5 21. Nxc6 Bxc6
22. Nh4 f4 23. gxf4 exf4 24. Bd4 Nxd4 25. Rxd4 Bxd4 26. Rxd4 Qe5 27. Qd2 f3 28.
Bd3 Kh8 29. Bc2 Nf6 30. a3 Be4 31. Bxe4 Nxe4 32. Qe3 Ng5 33. Qd2 Ne4 34. Ng6+
Kg7 35. Qe3 Nc3+ 36. Qxc3 hxg6 37. Ka2 Rf6 38. h4 Kh7 39. Qd2 Qe2 40. Qg5 Qe5
41. Qd2 Qe2 42. Qg5 Qe5 43. Rd5 Qxg5 44. hxg5 Rf5 45. Rxd6 Rxg5 46. Rd7+ Kh6 47.
Rf7 Rf5 48. Rxf5 gxf5 49. Kb3 Kg5 50. Kc3 Kg4 51. b4 Kh3 52. Kd2 Kg4 53. Ke3 f4+
54. Ke4 1-0

[Event "Julius Baer Rapid Div 2 W"]
[Site "chess.com INT"]
[Date "2023.08.30"]
[Round "1.3"]
[White "Dreev, Aleksey"]
[Black "Fressinet, Laurent"]
[Result "0-1"]
[WhiteTitle "GM"]
[BlackTitle "GM"]
[WhiteElo "2606"]
[BlackElo "2652"]
[WhiteFideId "4100107"]
[BlackFideId "608742"]
[EventDate "2023.08.30"]
[EventType "k.o."]

1. d4 d5 2. c4 e6 3. Nf3 Nf6 4. Bg5 Be7 5. e3 h6 6. Bh4 O-O 7. Nbd2 Nbd7 8. Rc1
c5 9. Be2 b6 10. cxd5 Nxd5 11. Bg3 Bb7 12. O-O Rc8 13. Nc4 N7f6 14. Qa4 a6 15.
Qb3 Ne4 16. Be5 b5 17. a3 Ba8 18. Ncd2 Nxd2 19. Nxd2 c4 20. Qc2 c3 21. Nb3 Nb6
22. bxc3 Bxa3 23. Ra1 Bb4 24. Rxa6 Rxc3 25. Qb1 Nc4 26. Bg3 Na3 27. Qb2 Rc2 28.
Qa1 Rxe2 29. Rxa3 Bxa3 0-1